| 000 | 01126nam a2200289 a 4500 | ||
|---|---|---|---|
| 001 | 000037895 | ||
| 003 | DO-SdBNP | ||
| 005 | 20220405104414.0 | ||
| 007 | ta | ||
| 008 | 130308s2012 dr a 001 0 spa d | ||
| 020 | _a9789945165104 | ||
| 040 |
_aDO-SdBNP _bspa _cBNPHU |
||
| 082 | 4 |
_a327.101 _bS587r _222 |
|
| 100 | 1 |
_aSilvestre, Héctor, _c(hijo), _d1982- _964337 |
|
| 245 | 1 | 0 |
_aReflexiones sobre geopolítica y la crisis financiera internacional : _bretrospectiva cronológica / _cHéctor Silvestre (hijo) ; prólogo Ramón Núñez Ramírez. |
| 260 |
_aSanto Domingo : _bBúho, _c2012. |
||
| 300 |
_a119 p. : _bil. ; _c24 cm. |
||
| 500 | _aIncluye datos biográficos del autor en la solapa de la cubierta. | ||
| 590 | _aInventariado, 2018/BT | ||
| 650 | 4 |
_aGeopolítica _xEnsayos, conferencias, etc _964338 |
|
| 650 | 4 |
_aCrisis financiera _xEnsayos, conferencias, etc _964339 |
|
| 650 | 4 |
_aRelaciones internacionales _xEnsayos, conferencias, etc _912362 |
|
| 650 | 4 |
_aPolítica exterior _98420 |
|
| 700 | 1 |
_aNúñez Ramírez, Ramón, _epról. _964340 |
|
| 910 | _aValidado. Control de calidad. EMS | ||
| 942 |
_2ddc _cLBS1 |
||
| 999 |
_c37385 _d37385 |
||